MLB Baseball Single Season Hits Leader By Team - Statistics

General Stats
  • This quiz has been taken 233 times
  • The average score is 13 of 30
Answer Stats
Team Answer Hits Year % Correct
Seattle Mariners Ichiro Suzuki 262 2004
88%
Cincinnati Reds Pete Rose 230 1973
84%
San Diego Padres Tony Gwynn 220 1997
79%
Detroit Tigers Ty Cobb 248 1911
77%
Houston Astros Jose Altuve 225 2014
76%
Arizona Diamondbacks Luis Gonzalez 206 1999
76%
Minnesota Twins Rod Carew 239 1977
74%
Boston Red Sox Wade Boggs 240 1985
67%
New York Yankees Don Mattingly 238 1986
64%
Chicago Cubs Rogers Hornsby 229 1929
59%
St. Louis Cardinals Rogers Hornsby 250 1922
59%
Kansas City Royals Willie Wilson 230 1980
51%
Texas Rangers Michael Young 221 2005
46%
Colorado Rockies Dante Bichette 219 1998
43%
Washington Nationals Vladimire Guerrero 206 2002
43%
Pittsburgh Pirates Paul Waner 237 1927
39%
Milwaukee Brewers Cecil Cooper 219 1980
38%
Baltimore Orioles George Sisler 257 1920
37%
Cleveland Indians Shoeless Joe Jackson 233 1911
34%
Los Angeles Angels Darin Erstad 240 2000
33%
Chicago White Sox Eddie Collins 224 1920
31%
Miami Marlins Juan Pierre 221 2004
30%
New York Mets Lance Johnson 227 1996
28%
Oakland Athletics Al Simmons 253 1925
24%
Toronto Blue Jays Vernon Wells 215 2003
19%
San Francisco Giants Bill Terry 254 1930
15%
Los Angeles Dodgers Babe Herman 241 1930
9%
Atlanta Braves Hugh Duffy 237 1894
9%
Philadelphia Phillies Lefty O'Doul 254 1929
6%
Tampa Bay Rays Aubrey Huff 198 2003
4%
No matching quizzes found
Score Distribution
Percent of People with Each Score
Percentile by Number Answered
Your Score History
You have not taken this quiz